Να γιατί

Αποθηκεύτηκε σε:
Λεπτομέρειες βιβλιογραφικής εγγραφής
Κύριος συγγραφέας: Ρουφογάλη-Ρούνικ, Ντέλλα
Μορφή: Βιβλίο
Γλώσσα:Greek
Δημοσίευση: Αθήνα : Εκδόσεις Φερενίκη, 2002
Θέματα:
Ετικέτες: Προσθήκη ετικέτας
Δεν υπάρχουν, Καταχωρήστε ετικέτα πρώτοι!

MARC

LEADER 00000cam a2200000 i 4500
001 1/4244
008 100205s2002 gre d
020 |a 960-7952-17-0 
035 |l 10106674 
040 |a GR-MY-UA  |b gre  |e aacr 
041 0 |a gre 
082 0 |a 920  |2 (22) 
100 1 |a Ρουφογάλη-Ρούνικ, Ντέλλα. 
245 1 0 |a Να γιατί /  |c Ντέλλα Ρουφογάλη-Ρούνικ 
260 |a Αθήνα :   |b Εκδόσεις Φερενίκη,   |c 2002 
300 |a 311 σ.;  |c 24 εκ. 
600 1 0 |a Ρουφογάλη-Ρούνικ Ντέλλα. 
650 0 0 |a Autobiography. 
852 |a INST  |b SAMOS  |e 20100205  |h 920 ΡΟΥ  |p 005300030699  |q 005300030699  |t BK  |y 0 
901 |a BIBL3-2010-1 
909 |a Σ  |b 158702 
970 |a ΣΙΤΖΙΜΗ  |b ΓΙΑΣΕΜΗ  |z 2010/02/05